How different religions view death and afterlife / (Record no. 47571)
[ view plain ]
| 000 -LEADER | |
|---|---|
| fixed length control field | 00953cam a22003018a 4500 |
| 001 - CONTROL NUMBER | |
| control field | 23384415 |
| 003 - CONTROL NUMBER IDENTIFIER | |
| control field | OCoLC |
| 005 - DATE AND TIME OF LATEST TRANSACTION | |
| control field | 20190801162654.0 |
| 008 - FIXED-LENGTH DATA ELEMENTS--GENERAL INFORMATION | |
| fixed length control field | 910315r19911986pau 000 0 eng |
| 010 ## - LIBRARY OF CONGRESS CONTROL NUMBER | |
| LC control number | 91014236 |
| 020 ## - INTERNATIONAL STANDARD BOOK NUMBER | |
| International Standard Book Number | 0914783556 |
| 040 ## - CATALOGING SOURCE | |
| Original cataloging agency | DLC |
| Transcribing agency | DLC |
| Modifying agency | MRQ |
| -- | OCL |
| -- | VET |
| -- | EXN |
| 049 ## - LOCAL HOLDINGS (OCLC) | |
| Holding library | EXNs |
| 130 0# - MAIN ENTRY--UNIFORM TITLE | |
| Uniform title | Encounters with eternity. |
| 245 10 - TITLE STATEMENT | |
| Title | How different religions view death and afterlife / |
| Statement of responsibility, etc | edited by Christopher Jay Johnson and Marsha G. McGee. |
| 260 ## - PUBLICATION, DISTRIBUTION, ETC. (IMPRINT) | |
| Place of publication, distribution, etc | Philadelphia : |
| Name of publisher, distributor, etc | Charles Press, |
| Date of publication, distribution, etc | 1991. |
| 300 ## - PHYSICAL DESCRIPTION | |
| Extent | 352 p. ; |
| Dimensions | 23 cm. |
| 336 ## - CONTENT TYPE | |
| Content Type Term | text |
| 337 ## - MEDIA TYPE | |
| Media Type Term | unmediated |
| 338 ## - CARRIER TYPE | |
| Carrier Type Term | volume |
| 500 ## - GENERAL NOTE | |
| General note | Reprint. Originally published: Encounters with eternity. New York : Philosophical Library, 1986. |
| 504 ## - BIBLIOGRAPHY, ETC. NOTE | |
| Bibliography, etc | Includes bibliographical references. |
| 650 #0 - SUBJECT ADDED ENTRY--TOPICAL TERM | |
| Topical term or geographic name as entry element | Death |
| General subdivision | Religious aspects. |
| 650 #0 - SUBJECT ADDED ENTRY--TOPICAL TERM | |
| Topical term or geographic name as entry element | Future life. |
| 700 10 - ADDED ENTRY--PERSONAL NAME | |
| Personal name | Johnson, Christopher Jay. |
| 700 10 - ADDED ENTRY--PERSONAL NAME | |
| Personal name | McGee, Marsha G. |
| 942 ## - ADDED ENTRY ELEMENTS (KOHA) | |
| Source of classification or shelving scheme | Library of Congress Classification |
| Item type | Books |
| Withdrawn status | Lost status | Source of classification or shelving scheme | Damaged status | Not for loan | Home library | Current library | Shelving location | Date acquired | Inventory number | Total Checkouts | Full call number | Barcode | Date last seen | Price effective from | Koha item type |
|---|---|---|---|---|---|---|---|---|---|---|---|---|---|---|---|
| Library of Congress Classification | BSOP Library | BSOP Library | GC | 08/01/2019 | 15345 | BL504 H83 | 00020890 | 08/01/2019 | 08/01/2019 | Books |
